Countries that Trade the most with California - Statistics

General Stats
  • This quiz has been taken 145 times
  • The average score is 18 of 21
Answer Stats
Exports Imports Country % Correct
26,703 46,419 Mexico
99%
16,427 159,188 China
98%
16,772 28,722 Canada
97%
3,708 France
97%
12,855 40,504 Japan
96%
3,561 Australia
94%
5,999 11,502 Germany
94%
5,032 5,555 United Kingdom
94%
9,620 15,787 South Korea
92%
4,289 Italy
91%
5,015 India
89%
6,338 13,407 Taiwan
83%
4,772 Indonesia
81%
12,456 Vietnam
76%
2,065 16,390 Malaysia
74%
4,279 4,691 Singapore
73%
10,362 Thailand
73%
4,254 Philippines
72%
5,781 Netherlands
67%
5,308 Saudi Arabia
64%
3,194 Belgium
62%
No matching quizzes found
Score Distribution
Percent of People with Each Score
Percentile by Number Answered
Your Score History
You have not taken this quiz